00479nam a22001577a 450000500170000001000150001702000260003203500140005803700090007208200110008110000210009224500660011326000440017927000780022330000200030120250109122124.0 aENG-143270 a9789391917249c351.00 aEN-126802 bDBAD a230.45 aMisra, Munindra. aMorning Prayers & Vrats in English Rhymes/cBy Munindra Misra aNoidac2021bJAI3E Books and Publishing a2203, Express Trade Towers-2, Sector-132mjaip3e@gmail.combNoidae201304 a169p.c22cm(hb)